000
00413nam a2200133Ia 4500
008
151001s9999||||xx |||||||||||||| ||und||
100
_a
वेर्णर डेव्हिड
245
_a
डॉक्टर नसेल तेथे
250
_a
4
260
_b
सुमंगल पब्लिकेशन कंपनी मुंबई
260
_c
1995
300
_a
263
365
_b
26
999
_c
974165
_d
974162